Guess the vegetable! (Fill in the gaps) - Statistics

General Stats
  • This quiz has been taken 171 times
    142 since last reset
  • The average score is 9 of 12
Answer Stats
Uncomplete word Answer Colour % Correct
_ a _ r _ t carrot Orange
97%
_ _ b b _ g _ cabbage Green
91%
_ _ m _ k _ n pumpkin Orange
82%
p _ _ a _ o potato Light brown
81%
_ e _ p _ r pepper Could be red, orange, yellow or green
80%
_ _ u _ i f _ o _ e _ cauliflower White and green
72%
_ _ g _ l _ n _ t eggplant Purple
72%
_ e _ t r _ _ t beetroot Reddish pink
70%
l _ e _ leek White and green
67%
_ _ a s peas Green
64%
_ u _ _ m _ e _ cucumber Green
63%
_ n _ _ n onion Could be reddish pink or light brown
59%
No matching quizzes found
Score Distribution
Percent of People with Each Score
Percentile by Number Answered
Your Score History
You have not taken this quiz since the last reset